01021 2200193 4500245004000000020002200040250001100062100001800073700001100091700001300102650001700115005001900132260002900151041001400180084001100194300002200205500059100227336000900818 aHi Berlin 1998cWahyuni AlbiyhText a978-623-8668-11-3 aCet. 3 aWahyuni Albiy aLis S. aDrdjulee aFiksi Remaja a20250310075455 aDepokbCloud Booksc2025 aIndonesia a808.83 a349 hlm. :cilus. aMenjadi seorang anak bungsu tidak membuat Sakeza Labiru sekali pun terlintas akan menyukai laki-laki yang lebih muda dari usianya. Kriteria untuk menjadi pacarnya sudah jelas, laki-laki yang lebih tua atau seumuran dengannya. Namun, kehadiran sosok laki-laki bermata biru itu, tiba-tiba mengacaukan pertahanan hatinya."Lah, kamu biasanya dipanggil 'Adek, sekarang dipanggil 'Kakak'?" "Sakeza naksir berondong? Adik kelas?"Kata orang, usia hanyalah angka. Jadi, akankah prinsip Sakeza itu terpaksa runtuh demi seorang Jan Adam, laki-laki blasteran Jerman yang usianya lebih muda darinya? atext